000 00827nam a2200253 i 4500
001 54719
003 SpMaBN
005 20240102181121.0
008 190222s2001 sp b |||| | spa d
020 _a84-7295-170-7
080 _a39(6)
080 _a930.85(6)
100 1 _aCortés López, José Luis.
_9166443
245 1 0 _aPueblos y culturas de África
_b: (etnohistoria, mito y sociedad) /
_cJosé Luis Cortés López.
260 _aMadrid :
_bMundo Negro,
_c[2001]
300 _a671 p. :
_bmapas ;
_c22 cm.
500 _aÍndice.
504 _aBibliografía: p. 657-671.
650 7 _aAntropología cultural y social-
_zÁfrica.
_9147534
650 7 _aEtnohistoria-
_zÁfrica.
_9166444
852 _aES-MaACL
_jA-14399
_956827
_bR.151501
_cDEPO1
_dOlim: N-7399
942 _2udc
_cMONOGRAFIA
999 _c54719
_d54719